[Event "7th Parsvnath International Open Chess T"]
[Site "Modern School, Barakhamba Road"]
[Date "2009.01.14"]
[Round "5.47"]
[White "G, Akash"]
[Black "Shashikant, Kutwal"]
[Result "0-1"]
[WhiteElo "2043"]
[BlackElo "2285"]
[PlyCount "114"]
[EventDate "2009.01.11"]

1. e4 c5 2. Nf3 d6 3. d4 cxd4 4. Nxd4 Nf6 5. Nc3 Nc6 6. Bg5 e6 7. Qd2 a6 8.
O-O-O Bd7 9. f3 Be7 10. Be3 b5 11. Nxc6 Bxc6 12. Ne2 Rc8 13. Nd4 Bb7 14. Kb1
O-O 15. g4 Nd7 16. Bg2 Ne5 17. b3 Qc7 18. Qe2 Rfe8 19. h4 Nd7 20. f4 Nc5 21.
Bc1 Bf8 22. Bb2 e5 23. fxe5 Rxe5 24. Nf5 Re6 25. e5 dxe5 26. Rhe1 e4 27. Qd2
Ree8 28. Ka1 Ne6 29. Bxe4 Bxe4 30. Rxe4 Qxc2 31. Qxc2 Rxc2 32. Kb1 Rec8 33. Rc1
Rxc1+ 34. Bxc1 Rc6 35. Nd4 Nxd4 36. Rxd4 f6 37. a4 bxa4 38. bxa4 Kf7 39. g5 Bd6
40. gxf6 gxf6 41. h5 f5 42. h6 Bf8 43. Rd7+ Kg6 44. Rd5 Rf6 45. Bb2 Rd6 46.
Rxd6+ Bxd6 47. Kc2 Kxh6 48. Kd3 Kg5 49. Kc4 h5 50. Kd5 Bb4 51. Be5 Kg4 52. Kd4
Kf3 53. Kd3 h4 54. Bb8 f4 55. Bxf4 Kxf4 56. Ke2 Kg3 57. Kf1 Bc5 0-1

[Event "7th Parsvnath International Open Chess T"]
[Site "Modern School, Barakhamba Road"]
[Date "2009.01.14"]
[Round "5.48"]
[White "Pradhan, Ujjwal"]
[Black "Thakur, Akash"]
[Result "0-1"]
[WhiteElo "2024"]
[BlackElo "2281"]
[PlyCount "59"]
[EventDate "2009.01.11"]

1. e4 e5 2. Nf3 Nc6 3. Bb5 a6 4. Ba4 Nf6 5. O-O Be7 6. Re1 b5 7. Bb3 d6 8. a4
b4 9. d3 O-O 10. Nbd2 Be6 11. Bxe6 fxe6 12. Nf1 Qe8 13. Ng5 Nd8 14. Ng3 h6 15.
Nh3 g5 16. f3 c5 17. c3 Nc6 18. Bd2 Rb8 19. Qb3 Qd7 20. Qc2 Kg7 21. Qc1 Qe8 22.
Nf2 Nh5 23. Nxh5+ Qxh5 24. cxb4 Nxb4 25. Qc4 Qf7 26. Bxb4 Rxb4 27. Qxa6 Rfb8
28. Qc6 R4b6 29. Qc7 Qe8 30. a5 0-1

[Event "7th Parsvnath International Open Chess T"]
[Site "Modern School, Barakhamba Road"]
[Date "2009.01.14"]
[Round "5.49"]
[White "A K  Kalshyan"]
[Black "Kulkarni, Chinmay"]
[Result "1-0"]
[WhiteElo "1979"]
[BlackElo "2271"]
[PlyCount "206"]
[EventDate "2009.01.11"]

1. e4 c5 2. Nf3 e6 3. d4 cxd4 4. Nxd4 Nc6 5. Nc3 Qc7 6. g3 a6 7. Bg2 Nf6 8. O-O
Be7 9. Nb3 Rb8 10. Bf4 d6 11. Qd2 O-O 12. Rfd1 Rd8 13. a4 b6 14. h3 Bb7 15. Qe2
Rbc8 16. Rd2 Ne5 17. Bxe5 dxe5 18. Rxd8+ Rxd8 19. Rd1 Rxd1+ 20. Qxd1 h6 21. Qd3
Nd7 22. Nd1 Qc6 23. Nc3 Nc5 24. Qc4 Nxa4 25. Qxa4 Qc8 26. Qa1 b5 27. Qd1 Qc7
28. Qd3 Bc6 29. Nd1 a5 30. c3 Be8 31. Ne3 Qb6 32. Nd2 Qc5 33. Bf1 Qb6 34. Ng4
Qc7 35. Nf3 Bd6 36. Ne3 Be7 37. h4 Bc6 38. Ng4 Bd6 39. Qe3 Be8 40. Bd3 Kf8 41.
Qe2 Qb8 42. Qe3 Qc7 43. Nxh6 Bc5 44. Qd2 b4 45. Nxf7 Bxf7 46. cxb4 axb4 47. b3
Qd6 48. Qc2 g6 49. Qc4 Kg7 50. Qb5 Kf8 51. Be2 Bd4 52. Kg2 Kg7 53. Ng5 Qe7 54.
Qc6 Qf6 55. Bf3 Qe7 56. Bg4 Kf6 57. Qc8 Kg7 58. Bxe6 Be8 59. Bd5 Kh6 60. Qe6
Qxe6 61. Nxe6 Bb6 62. Ng5 Kg7 63. f4 exf4 64. gxf4 Bb5 65. Kf3 Bd3 66. e5 Bc2
67. Kg4 Be3 68. h5 Bf5+ 69. Kg3 gxh5 70. Be4 Bc8 71. Kf3 Bc1 72. Bd5 Bg4+ 73.
Kg3 Bc8 74. Ne6+ Kh6 75. f5 h4+ 76. Kg4 h3 77. Nf4 h2 78. e6 Kg7 79. Nh5+ Kh6
80. Ng3 Kg7 81. Nf1 Kf6 82. Nxh2 Ba6 83. Kf3 Bb5 84. Be4 Bb2 85. Ng4+ Ke7 86.
Bd5 Kd6 87. Ke4 Be2 88. Ne3 Bf6 89. Bc4 Bh5 90. Nd5 Bd8 91. Nxb4 Be8 92. Bd5
Bb5 93. Nc2 Bg5 94. Nd4 Bf1 95. Bc4 Bg2+ 96. Kd3 Ke5 97. Bb5 Be4+ 98. Kc4 Bd5+
99. Kc3 Be3 100. Nc6+ Kxf5 101. e7 Bf7 102. Nd8 Kf6 103. Nxf7 Kxe7 1-0

[Event "7th Parsvnath International Open Chess T"]
[Site "Modern School, Barakhamba Road"]
[Date "2009.01.14"]
[Round "5.50"]
[White "Ritwan, Sauntra"]
[Black "Purushothaman, T."]
[Result "1/2-1/2"]
[WhiteElo "1990"]
[BlackElo "2267"]
[PlyCount "81"]
[EventDate "2009.01.11"]

1. e4 c5 2. f4 d5 3. e5 Nc6 4. c3 Bf5 5. Nf3 e6 6. d3 h5 7. Be2 Be7 8. O-O Nh6
9. a3 d4 10. c4 Ng4 11. h3 Ne3 12. Bxe3 dxe3 13. Nc3 Nd4 14. Ne4 b5 15. cxb5 c4
16. Nd6+ Bxd6 17. Nxd4 Bc5 18. Nxf5 cxd3 19. Nd6+ Bxd6 20. Qxd3 Bc5 21. Rfd1
Qxd3 22. Rxd3 Ke7 23. b4 Bb6 24. a4 Rhd8 25. Rad1 Rxd3 26. Rxd3 Rd8 27. Rxd8
Kxd8 28. Kf1 h4 29. a5 Bd4 30. b6 axb6 31. a6 Kc7 32. b5 g5 33. fxg5 Bxe5 34.
Bh5 Bf4 35. Bxf7 Bxg5 36. Bxe6 Bf4 37. g4 hxg3 38. Bg4 Kb8 39. Kg2 Ka7 40. Be2
Kb8 41. Kf3 1/2-1/2

[Event "7th Parsvnath International Open Chess T"]
[Site "New Delhi India"]
[Date "2009.01.15"]
[Round "6"]
[White "Mikhail, Ulibin"]
[Black "Parimarjan, Negi"]
[Result "1/2-1/2"]
[WhiteElo "2511"]
[BlackElo "2600"]
[PlyCount "61"]
[EventDate "2009.01.11"]
[Source "MonRoi"]

1. e4 e5 2. Nf3 Nc6 3. Bb5 a6 4. Ba4 Nf6 5. O-O Be7 6. Re1 b5 7. Bb3 O-O 8. a4
b4 9. d4 d6 10. dxe5 dxe5 11. Qxd8 Rxd8 12. Bg5 Rb8 13. Nbd2 h6 14. Bxf6 Bxf6
15. Bd5 Na5 16. Nb3 Nxb3 17. cxb3 c6 18. Bc4 a5 19. h3 Bb7 20. Rad1 Kf8 21. Kf1
g6 22. Ke2 Ke7 23. Rxd8 Rxd8 24. Bd3 Ke6 25. Rd1 Be7 26. g4 Bd6 27. h4 Ke7 28.
Bc4 Bc8 29. Rg1 Bc7 30. Rg3 Bb8 31. Rg1 1/2-1/2

[Event "7th Parsvnath International Open Chess T"]
[Site "New Delhi India"]
[Date "2009.01.15"]
[Round "6"]
[White "Petr, Kostenko"]
[Black "Shukhrat, Safin"]
[Result "1-0"]
[WhiteElo "2501"]
[BlackElo "2518"]
[PlyCount "105"]
[EventDate "2009.01.11"]
[Source "MonRoi"]

1. e4 e5 2. Nc3 Nc6 3. Nf3 Nf6 4. g3 d5 5. exd5 Nxd5 6. Bg2 Nxc3 7. bxc3 Be7 8.
O-O O-O 9. Re1 Bf6 10. d3 Bg4 11. Rb1 Rb8 12. h3 Be6 13. c4 Re8 14. Kh2 b6 15.
Ng5 Bd7 16. Qh5 Bxg5 17. Bxg5 f6 18. Bd5+ Re6 19. Bd2 Ne7 20. Bxe6+ Bxe6 21. f4
Bf7 22. Qf3 Ng6 23. fxe5 Nxe5 24. Qf2 Qd7 25. Bc3 Ng6 26. a4 Be6 27. h4 Rf8 28.
a5 Bg4 29. Qd4 Qc8 30. axb6 axb6 31. Qe4 Kh8 32. Re3 Bf5 33. Qd5 h5 34. Ra1 Bg4
35. Ra7 Kh7 36. Kg1 Bd1 37. Qg2 Rd8 38. Re1 Qg4 39. Kh2 Rd7 40. Ra1 Bf3 41. Qh3
Ne7 42. Qxg4 hxg4 43. Kg1 Kg6 44. Kf2 Kf5 45. Re3 Nc6 46. Rae1 Kg6 47. Re8 Kf7
48. h5 Ne7 49. Rb8 Nc6 50. Rh8 Ne7 51. h6 Ng6 52. Rh7 Kg8 53. Rxg7+ 1-0

[Event "7th Parsvnath International Open Chess T"]
[Site "New Delhi India"]
[Date "2009.01.15"]
[Round "6"]
[White "P, Karthikeyan"]
[Black "Yuriy, Kuzubov"]
[Result "1-0"]
[WhiteElo "2450"]
[BlackElo "2626"]
[PlyCount "75"]
[EventDate "2009.01.11"]
[Source "MonRoi"]

1. d4 Nf6 2. c4 e6 3. Nf3 Bb4+ 4. Bd2 Qe7 5. a3 Bxd2+ 6. Nbxd2 d6 7. e4 e5 8.
d5 O-O 9. g3 a5 10. Bg2 a4 11. O-O Nbd7 12. Ne1 Nc5 13. Qc2 Nfd7 14. Qc3 c6 15.
Nc2 Nf6 16. Rae1 Bd7 17. f4 Rfe8 18. b4 axb3 19. Nxb3 Nxb3 20. Qxb3 cxd5 21.
exd5 Ba4 22. Qc3 Bxc2 23. Qxc2 e4 24. Qc3 Ra4 25. g4 Qc7 26. g5 Rxc4 27. Qd2
Qc5+ 28. Kh1 Nxd5 29. f5 Qd4 30. Qe2 Nc3 31. Qh5 Rc5 32. Qh4 Qd2 33. Rf4 Rce5
34. f6 Ne2 35. Rg4 e3 36. Rf1 Nc3 37. g6 hxg6 38. Rxg6 1-0

[Event "7th Parsvnath International Open Chess T"]
[Site "New Delhi India"]
[Date "2009.01.15"]
[Round "6"]
[White "Justin, Sarkar"]
[Black "Bandyopadhyay, Roktim"]
[Result "0-1"]
[WhiteElo "2455"]
[BlackElo "2372"]
[PlyCount "96"]
[EventDate "2009.01.11"]
[Source "MonRoi"]

1. d4 Nf6 2. c4 d6 3. Nf3 Bg4 4. Nc3 g6 5. e4 Bxf3 6. Qxf3 Nc6 7. Be3 Bg7 8. d5
Ne5 9. Qg3 c6 10. f4 Ned7 11. Be2 O-O 12. dxc6 bxc6 13. e5 Ne8 14. O-O-O Qc7
15. exd6 Nxd6 16. Qe1 Nf5 17. Bg4 Nxe3 18. Qxe3 Nb6 19. c5 Nc4 20. Qe4 Nxb2 21.
Kxb2 Qa5 22. Qc4 Rab8+ 23. Kc2 Rb4 24. Qd3 Bxc3 25. Rb1 Qxc5 26. Rxb4 Bxb4+ 27.
Kd1 Qf2 28. Be2 Qxf4 29. Rf1 Qxh2 30. Qd4 Qd6 31. Qxd6 Bxd6 32. Bc4 Kg7 33. g4
f5 34. gxf5 Rxf5 35. Re1 Rf4 36. Be6 Rf2 37. Re4 Kf6 38. Bb3 h5 39. Rc4 g5 40.
Ke1 Rh2 41. Rxc6 g4 42. Kf1 h4 43. Rc8 h3 44. Rf8+ Kg5 45. Be6 g3 46. Rf5+ Kg6
47. Rd5 g2+ 48. Kf2 Rh1 0-1

[Event "7th Parsvnath International Open Chess T"]
[Site "New Delhi India"]
[Date "2009.01.15"]
[Round "6"]
[White "S P, Sethuraman"]
[Black "Atanu, Lahiri"]
[Result "1-0"]
[WhiteElo "2415"]
[BlackElo "2310"]
[PlyCount "59"]
[EventDate "2009.01.11"]
[Source "MonRoi"]

1. e4 e6 2. d4 d5 3. Nd2 Nf6 4. e5 Nfd7 5. f4 c5 6. c3 Nc6 7. Ndf3 c4 8. Ne2 b5
9. g4 h5 10. gxh5 Rxh5 11. Ng3 Rh8 12. h4 Nb6 13. Kf2 Bd7 14. Bh3 f5 15. exf6
Qxf6 16. f5 exf5 17. Bg5 Qg6 18. h5 Qd6 19. Re1+ Kf7 20. Nxf5 Qc7 21. Ne5+ Nxe5
22. Rxe5 Bd6 23. Qf3 Kg8 24. Re7 Rh7 25. Nxd6 Qxd6 26. Bxd7 Nxd7 27. Qf7+ Kh8
28. Bf4 Qf6 29. Rxd7 Qh4+ 30. Bg3 1-0

[Event "7th Parsvnath International Open Chess T"]
[Site "New Delhi India"]
[Date "2009.01.15"]
[Round "6"]
[White "Sunil Mokal, Prathamesh"]
[Black "Alexander, Areshchenko"]
[Result "1/2-1/2"]
[WhiteElo "2389"]
[BlackElo "2673"]
[PlyCount "88"]
[EventDate "2009.01.11"]
[Source "MonRoi"]

1. e4 c5 2. Nf3 d6 3. d4 cxd4 4. Nxd4 Nf6 5. Nc3 a6 6. Be2 Nbd7 7. f4 g6 8. O-O
Bg7 9. Kh1 O-O 10. Bf3 Re8 11. Be3 e5 12. Nde2 Qc7 13. Qd2 b5 14. Rad1 Bb7 15.
Qxd6 Qxd6 16. Rxd6 b4 17. Nd1 exf4 18. Bxf4 Bf8 19. Rd2 Ne5 20. Bxe5 Rxe5 21.
Nf2 Nxe4 22. Bxe4 Bxe4 23. Nxe4 Rxe4 24. Nf4 Bg7 25. b3 Rae8 26. g3 a5 27. Rd5
R4e5 28. Rfd1 Bh6 29. R1d2 Kg7 30. Kg2 Bg5 31. Kf3 h5 32. h4 Bh6 33. Rxe5 Rxe5
34. Rd7 Re1 35. Rd5 Rf1+ 36. Kg2 Rc1 37. Rxa5 Rxc2+ 38. Kf3 Rc3+ 39. Kg2 Bxf4
40. gxf4 Kf6 41. Ra4 Kf5 42. Rxb4 Rc2+ 43. Kf3 Rc3+ 44. Kg2 Rc2+ 1/2-1/2

[Event "7th Parsvnath International Open Chess T"]
[Site "New Delhi India"]
[Date "2009.01.15"]
[Round "6"]
[White "Surya Shekhar, Ganguly"]
[Black "Boris N, Katalymov"]
[Result "1-0"]
[WhiteElo "2614"]
[BlackElo "2367"]
[PlyCount "105"]
[EventDate "2009.01.11"]
[Source "MonRoi"]

1. e4 e6 2. d4 d5 3. Nc3 Bb4 4. e5 c5 5. a3 Bxc3+ 6. bxc3 Qc7 7. Qg4 f5 8. Qh5+
Qf7 9. Qd1 Ne7 10. Nf3 O-O 11. Be2 Nec6 12. h4 b6 13. Ng5 Qe7 14. Bh5 Bd7 15.
Nxh7 cxd4 16. Nxf8 Qxf8 17. cxd4 Ne7 18. Be2 Ba4 19. Qd2 Nbc6 20. h5 Kh7 21. f3
Rc8 22. Ra2 Na5 23. g4 Bb3 24. Rb2 Bc4 25. g5 Bxe2 26. Qxe2 Nec6 27. g6+ Kg8
28. Qd3 Nc4 29. Rb1 f4 30. Rh4 Ne7 31. Rxf4 Nf5 32. Kf2 Qe7 33. Rg4 Rf8 34. Bg5
Qxa3 35. Qxa3 Nxa3 36. Ra1 Nb5 37. c3 Ra8 38. Rh1 Rc8 39. h6 gxh6 40. Rxh6 Nxh6
41. Bxh6 Kh8 42. Bf8 Nxc3 43. g7+ Kg8 44. Rh4 Rxf8 45. gxf8=Q+ Kxf8 46. Rh8+
Kg7 47. Rb8 Nb5 48. Ke3 Kf7 49. Rb7+ Ke8 50. f4 Kd8 51. f5 exf5 52. e6 Ke8 53.
Kf4 1-0

[Event "7th Parsvnath International Open Chess T"]
[Site "New Delhi India"]
[Date "2009.01.15"]
[Round "6"]
[White "Yuri, Solodovnichenko"]
[Black "Das, Debashis"]
[Result "1-0"]
[WhiteElo "2571"]
[BlackElo "2365"]
[PlyCount "45"]
[EventDate "2009.01.11"]
[Source "MonRoi"]

1. e4 c5 2. Nf3 e6 3. Nc3 a6 4. g3 b5 5. Bg2 Bb7 6. O-O d6 7. d4 cxd4 8. Nxd4
Nd7 9. Re1 Qc7 10. a4 bxa4 11. Rxa4 Ngf6 12. Nb3 Nb6 13. Rb4 Nfd7 14. Be3 Rb8
15. Na5 Bc8 16. Bxb6 Nxb6 17. Nd5 Qc5 18. Nb3 Qc6 19. Qd4 Nd7 20. Na5 Qxc2 21.
Rc4 e5 22. Qa7 Qd2 23. Rec1 1-0

[Event "7th Parsvnath International Open Chess T"]
[Site "New Delhi India"]
[Date "2009.01.15"]
[Round "6"]
[White "Kumar C, Praveen"]
[Black "Abhijit, Kunte"]
[Result "0-1"]
[WhiteElo "2360"]
[BlackElo "2527"]
[PlyCount "138"]
[EventDate "2009.01.11"]
[Source "MonRoi"]

1. d4 Nf6 2. c4 e6 3. Nc3 Bb4 4. e3 c5 5. Nge2 b6 6. a3 Ba5 7. Rb1 Na6 8. Bd2
O-O 9. Ng3 Bb7 10. Bd3 d5 11. cxd5 cxd4 12. exd4 Bxc3 13. bxc3 Qxd5 14. f3 Nc5
15. Bc2 Ncd7 16. O-O Qd6 17. a4 Rac8 18. Qe2 Qc7 19. Rbc1 Bd5 20. Rfe1 Bc4 21.
Qf2 Rfe8 22. Ne4 Nxe4 23. Rxe4 f5 24. Rh4 Nf8 25. Qe3 Qf7 26. g4 Ng6 27. Rh5
fxg4 28. fxg4 Rf8 29. Be4 Bd5 30. Bxd5 exd5 31. Rf5 Qd7 32. Rcf1 Ne7 33. Rxf8+
Rxf8 34. Rxf8+ Kxf8 35. Qf3+ Kg8 36. h4 h6 37. Bf4 Qe6 38. Kf2 Qf7 39. h5 Nc6
40. Kg3 Na5 41. Qe2 Nc4 42. Bb8 Qd7 43. Kh3 a5 44. Kg3 Kf7 45. Qf3+ Ke8 46. Bf4
Qe6 47. Qd3 Qe1+ 48. Kf3 Qh1+ 49. Kg3 Qe4 50. Qxe4+ dxe4 51. Be5 Kf7 52. Kf4 e3
53. Kf3 b5 54. axb5 a4 55. b6 Nxb6 56. Bd6 Nc4 57. Bc5 Ke6 58. Ke2 Kd5 59. Kd3
e2 60. Kxe2 Ke4 61. Kf2 a3 62. Bxa3 Nxa3 63. Kg3 Nb5 64. d5 Nd6 65. g5 Nf5+ 66.
Kg4 Ne3+ 67. Kh4 Nxd5 68. gxh6 gxh6 69. c4 Nf6 0-1

[Event "7th Parsvnath International Open Chess T"]
[Site "New Delhi India"]
[Date "2009.01.15"]
[Round "6"]
[White "Saidali, Iuldachev"]
[Black "Sokhib, Djuraev"]
[Result "1-0"]
[WhiteElo "2520"]
[BlackElo "2353"]
[PlyCount "88"]
[EventDate "2009.01.11"]
[Source "MonRoi"]

1. e4 g6 2. d4 Bg7 3. Nf3 d6 4. Bc4 Nf6 5. Qe2 c6 6. e5 dxe5 7. dxe5 Nd5 8. O-O
O-O 9. Re1 Bg4 10. Nbd2 Nd7 11. h3 Bf5 12. Nb3 N7b6 13. Bd3 Bxd3 14. Qxd3 Nc7
15. Qe4 Ne6 16. Qh4 Qc7 17. Bh6 Rad8 18. Re4 Rd5 19. Rae1 Rfd8 20. Bxg7 Kxg7
21. Nbd4 Nxd4 22. Nxd4 Nc4 23. c3 c5 24. Nb5 Qb6 25. Qxe7 Qxb5 26. Qf6+ Kg8 27.
e6 Qe8 28. Rxc4 Rd1 29. Rxd1 Rxd1+ 30. Kh2 Qxe6 31. Qxe6 fxe6 32. Rxc5 Rd7 33.
Kg3 Kf7 34. Kf3 Kf6 35. Ke3 b6 36. Rc4 e5 37. Rc6+ Kf5 38. Rc8 h5 39. h4 Kg4
40. Rc4+ Kf5 41. g3 Rd1 42. Ke2 Rd7 43. Rc8 Rf7 44. Rh8 Rh7 1-0

[Event "7th Parsvnath International Open Chess T"]
[Site "New Delhi India"]
[Date "2009.01.15"]
[Round "6"]
[White "B S, Shivananda"]
[Black "Dibyendu, Barua"]
[Result "0-1"]
[WhiteElo "2347"]
[BlackElo "2490"]
[PlyCount "56"]
[EventDate "2009.01.11"]
[Source "MonRoi"]

1. e4 e6 2. b3 d5 3. Bb2 Nf6 4. e5 Nfd7 5. c4 dxc4 6. Bxc4 c5 7. f4 Nb6 8. Qe2
Nxc4 9. Qxc4 Nc6 10. Nf3 Nb4 11. d4 b6 12. Na3 Ba6 13. Nb5 Rc8 14. Qe2 cxd4 15.
Nfxd4 Bc5 16. a3 Bxd4 17. axb4 Bxb2 18. Rxa6 Rc1+ 19. Kf2 Rxh1 20. Nd6+ Kf8 21.
Rxa7 Qh4+ 22. Kf3 g5 23. Rxf7+ Kg8 24. Qxb2 Rf1+ 25. Ke3 Qe1+ 26. Kd3 Rf2 27.
Qa3 Rd2+ 28. Kc4 Qe2+ 0-1

[Event "7th Parsvnath International Open Chess T"]
[Site "New Delhi India"]
[Date "2009.01.15"]
[Round "6"]
[White "Das, Neelotpal"]
[Black "Karthik R, Arun"]
[Result "1-0"]
[WhiteElo "2490"]
[BlackElo "2348"]
[PlyCount "79"]
[EventDate "2009.01.11"]
[Source "MonRoi"]

1. e4 d6 2. d4 g6 3. Nc3 Bg7 4. Bg5 a6 5. Qd2 b5 6. Nf3 Bb7 7. Bd3 Nd7 8. a4 b4
9. Ne2 c5 10. c3 bxc3 11. bxc3 Ngf6 12. d5 c4 13. Bc2 Nc5 14. Ng3 O-O 15. O-O
Qa5 16. Nd4 e6 17. dxe6 fxe6 18. f3 e5 19. Nde2 Rad8 20. Bh6 Bxh6 21. Qxh6 Bc6
22. Rfb1 Nb3 23. Ra2 Qc5+ 24. Kh1 Rb8 25. Rd1 a5 26. Nf1 Rfd8 27. Ne3 Rb7 28.
Ng3 Rf7 29. Bb1 Rdd7 30. Ngf1 Kh8 31. Bc2 Ng8 32. Qh4 Ne7 33. Qe1 Nc8 34. Qe2
Nb6 35. Nxc4 Nxa4 36. Qd3 Bb5 37. Bxb3 d5 38. exd5 Nb6 39. Qe3 Qxe3 40. Nfxe3
1-0

[Event "7th Parsvnath International Open Chess T"]
[Site "New Delhi India"]
[Date "2009.01.15"]
[Round "6"]
[White "R R, Laxman"]
[Black "P, Maheswaran"]
[Result "1-0"]
[WhiteElo "2478"]
[BlackElo "2297"]
[PlyCount "103"]
[EventDate "2009.01.11"]
[Source "MonRoi"]

1. Nf3 Nf6 2. d4 e6 3. g3 d5 4. Bg2 Be7 5. O-O O-O 6. c4 dxc4 7. Ne5 Nc6 8.
Bxc6 bxc6 9. Nxc6 Qd6 10. Qa4 Bb7 11. Nxe7+ Qxe7 12. Qxc4 e5 13. Nc3 exd4 14.
Qxd4 Qe6 15. Bg5 c5 16. Qh4 Nd5 17. Qe4 Nxc3 18. Qxe6 fxe6 19. bxc3 Ba6 20.
Rfe1 Rab8 21. Bc1 Bc4 22. f3 Rfd8 23. Kf2 Rd5 24. h4 Kf7 25. g4 a6 26. h5 e5
27. h6 g6 28. Be3 Ke6 29. Rab1 Rb5 30. a4 Rb3 31. a5 Kd6 32. Rec1 Kc6 33. Rxb3
Bxb3 34. c4 Rd7 35. Kg3 Rb7 36. Kh4 Rb4 37. Kg5 Rxc4 38. Rb1 Rb4 39. Kf6 Kd6
40. Rc1 c4 41. Bb6 Ra4 42. e4 Ra2 43. g5 Rd2 44. Kg7 Ke6 45. Kxh7 Kf7 46. f4
exf4 47. Rf1 c3 48. Rxf4+ Ke8 49. Rf3 c2 50. Rc3 Rd1 51. Be3 Rb1 52. Kg7 1-0

[Event "7th Parsvnath International Open Chess T"]
[Site "New Delhi India"]
[Date "2009.01.15"]
[Round "6"]
[White "M R, Venkatesh"]
[Black "Kherdekar, Saurabh"]
[Result "1/2-1/2"]
[WhiteElo "2470"]
[BlackElo "2238"]
[PlyCount "55"]
[EventDate "2009.01.11"]
[Source "MonRoi"]

1. e4 e6 2. d4 d5 3. Nd2 Nf6 4. e5 Nfd7 5. Bd3 c5 6. c3 b6 7. Ne2 Ba6 8. Bxa6
Nxa6 9. O-O Nc7 10. Nf3 Be7 11. dxc5 bxc5 12. Qa4 O-O 13. Qg4 f6 14. Nf4 f5 15.
Qg3 Qe8 16. h4 a5 17. h5 Qf7 18. Re1 Rfb8 19. c4 dxc4 20. h6 Nb6 21. Nh5 Ne8
22. Nf6+ Nxf6 23. exf6 Bxf6 24. Bf4 Re8 25. Ne5 Bxe5 26. Bxe5 Qg6 27. Qxg6 hxg6
28. Bxg7 1/2-1/2

[Event "7th Parsvnath International Open Chess T"]
[Site "New Delhi India"]
[Date "2009.01.15"]
[Round "6"]
[White "Rahul, Shetty"]
[Black "Praveen M, Thipsay"]
[Result "0-1"]
[WhiteElo "2311"]
[BlackElo "2453"]
[PlyCount "70"]
[EventDate "2009.01.11"]
[Source "MonRoi"]

1. e4 e5 2. Nf3 Nc6 3. Bb5 a6 4. Ba4 Nf6 5. O-O Be7 6. Re1 b5 7. Bb3 d6 8. c3
O-O 9. h3 Na5 10. Bc2 c5 11. d4 Qc7 12. Nbd2 cxd4 13. cxd4 Nc6 14. Nb3 a5 15.
Be3 a4 16. Nbd2 Bd7 17. Rc1 Qb7 18. d5 Nb4 19. Bb1 Rfc8 20. Qe2 Rxc1 21. Rxc1
Rc8 22. Nf1 Bd8 23. Rxc8 Qxc8 24. Ng3 g6 25. Ne1 Ne8 26. a3 Na6 27. Bd3 Qb7 28.
Kh2 Nc5 29. f4 exf4 30. Bxf4 Bf6 31. Qf2 Qc7 32. Bf1 h5 33. Qc2 Qd8 34. Bxd6
Nxd6 35. Qxc5 Be5 0-1

[Event "7th Parsvnath International Open Chess T"]
[Site "New Delhi India"]
[Date "2009.01.15"]
[Round "6"]
[White "Santosh Gujrathi, Vidit"]
[Black "Kumar, Vinoth"]
[Result "0-1"]
[WhiteElo "2447"]
[BlackElo "2204"]
[PlyCount "53"]
[EventDate "2009.01.11"]
[Source "MonRoi"]

1. d4 c5 2. d5 e5 3. e4 d6 4. Nc3 g6 5. f4 a6 6. a4 Nd7 7. Nf3 Nh6 8. fxe5 Nxe5
9. Nxe5 dxe5 10. Be2 f6 11. a5 Nf7 12. Be3 Bd6 13. O-O f5 14. exf5 gxf5 15. Na4
Qxa5 16. b4 Qxb4 17. c4 Qa5 18. Qb1 e4 19. Qb6 Qxb6 20. Nxb6 Rb8 21. Rab1 O-O
22. Nxc8 Rbxc8 23. Rxf5 Rc7 24. Rbf1 Ne5 25. Rxf8+ Bxf8 26. Rf6 Nf7 27. Bf4 0-1

[Event "7th Parsvnath International Open Chess T"]
[Site "New Delhi India"]
[Date "2009.01.15"]
[Round "6"]
[White "Deep, Sengupta"]
[Black "Khosla, Shiven"]
[Result "1-0"]
[WhiteElo "2445"]
[BlackElo "2168"]
[PlyCount "111"]
[EventDate "2009.01.11"]
[Source "MonRoi"]

1. e4 c5 2. Nf3 d6 3. d4 cxd4 4. Qxd4 a6 5. Bg5 Nc6 6. Qd2 h6 7. Bh4 g5 8. Bg3
Bg7 9. Nc3 Nf6 10. O-O-O Bg4 11. h3 Bxf3 12. gxf3 Nh5 13. Nd5 Nxg3 14. fxg3 e6
15. Ne3 Qc7 16. h4 O-O-O 17. hxg5 hxg5 18. Rxh8 Bxh8 19. f4 gxf4 20. gxf4 Qa5
21. Qxa5 Nxa5 22. c3 Kd7 23. Be2 Ke7 24. Rh1 Bf6 25. Ng4 Rh8 26. Rf1 Bh4 27.
Kc2 Nc6 28. b4 Bf6 29. a4 Rc8 30. Kb3 Bg7 31. f5 exf5 32. exf5 Bf6 33. Ne3 Kd7
34. Nd5 Bd8 35. Bg4 Ne5 36. Bh3 Kc6 37. Bg2 Kd7 38. Bh3 Kc6 39. f6 Rb8 40. Bg2
Kd7 41. c4 b6 42. Rh1 Bc7 43. Bh3+ Kc6 44. b5+ axb5 45. axb5+ Kb7 46. Ne7 d5
47. Bg2 Bd8 48. Nxd5 Nd7 49. Ra1 Nc5+ 50. Kc2 Bxf6 51. Nxf6+ Kc7 52. Ra7+ Kd6
53. Rxf7 Rh8 54. Rh7 Rxh7 55. Nxh7 Ke5 56. Bd5 1-0

[Event "7th Parsvnath International Open Chess T"]
[Site "New Delhi India"]
[Date "2009.01.15"]
[Round "6"]
[White "Chowdhury Saptarshi, Roy"]
[Black "Irshad, Md"]
[Result "1-0"]
[WhiteElo "2444"]
[BlackElo "2106"]
[PlyCount "33"]
[EventDate "2009.01.11"]
[Source "MonRoi"]

1. e4 e6 2. Nf3 d5 3. Nc3 Nf6 4. e5 Nfd7 5. d4 c5 6. Bg5 Qb6 7. dxc5 Bxc5 8.
Qd2 Bxf2+ 9. Qxf2 Qxb2 10. Kd2 Qxa1 11. Bb5 Qxh1 12. Qc5 Qxg2+ 13. Kc1 Qf1+ 14.
Nd1 Nc6 15. Bxc6 f6 16. exf6 gxf6 17. Bxf6 1-0

[Event "7th Parsvnath International Open Chess T"]
[Site "New Delhi India"]
[Date "2009.01.15"]
[Round "6"]
[White "Akash, Thakur"]
[Black "Jha, Sriram"]
[Result "0-1"]
[WhiteElo "2281"]
[BlackElo "2442"]
[PlyCount "114"]
[EventDate "2009.01.11"]
[Source "MonRoi"]

1. e4 c5 2. Na3 b6 3. f4 Bb7 4. d3 e6 5. Nf3 d5 6. e5 Nc6 7. c3 d4 8. c4 Nh6 9.
g3 Nf5 10. Bg2 h5 11. Kf2 Be7 12. Bd2 Qd7 13. Nc2 O-O-O 14. a3 h4 15. Bh3 hxg3+
16. hxg3 Rh6 17. Bg2 Rdh8 18. Qe2 Qd8 19. Rag1 Rxh1 20. Rxh1 Rxh1 21. Bxh1 Qh8
22. Qf1 g5 23. Qg1 gxf4 24. Bxf4 Nb8 25. Bg2 Nd7 26. Qh1 Qxh1 27. Bxh1 Bf8 28.
Bg2 Bg7 29. Nce1 Nh6 30. Bh3 Kd8 31. g4 Ng8 32. Ng5 Ke8 33. Bg2 Bxg2 34. Kxg2
Bxe5 35. Kg3 Ngf6 36. Nef3 Bxf4+ 37. Kxf4 Ke7 38. b4 Ne8 39. b5 Nd6 40. Nd2 Nf8
41. Ngf3 f6 42. Nh4 Kf7 43. a4 Ng6+ 44. Nxg6 Kxg6 45. Nb3 e5+ 46. Kf3 e4+ 47.
dxe4 Nxc4 48. Kf4 Kf7 49. Nc1 Ke6 50. Nd3 Ne5 51. Ne1 c4 52. Nc2 d3 53. Nd4+
Kd6 54. Nf5+ Kc5 55. g5 Ng6+ 56. Kg4 fxg5 57. Kxg5 c3 0-1

[Event "7th Parsvnath International Open Chess T"]
[Site "Modern School, Barakhamba Road"]
[Date "2009.01.15"]
[Round "6.21"]
[White "Vishnu, Prasanna"]
[Black "Murshed, Niaz"]
[Result "1-0"]
[WhiteElo "2266"]
[BlackElo "2429"]
[PlyCount "111"]
[EventDate "2009.01.11"]

1. e4 g6 2. d4 d6 3. Nc3 c6 4. Be3 Bg7 5. Qd2 Qa5 6. Nf3 Nf6 7. h3 Nbd7 8. Bd3
O-O 9. O-O Re8 10. a4 e5 11. Rfb1 exd4 12. Nxd4 Qc7 13. Nb3 b6 14. Bf4 Ne5 15.
Rd1 Bb7 16. Be2 Bf8 17. Bg5 Ned7 18. Qf4 Be7 19. Nd2 Qd8 20. Nc4 d5 21. Nd6
Bxd6 22. Qxd6 Re6 23. Qf4 h6 24. Bxf6 Qxf6 25. Qc7 Nc5 26. exd5 cxd5 27. Bf3
Re7 28. Qg3 Ne4 29. Bxe4 dxe4 30. Rd6 Qg5 31. Qxg5 hxg5 32. a5 bxa5 33. Rxa5 e3
34. fxe3 Rxe3 35. Rd7 Bc6 36. Rc7 Re6 37. Ra6 Be8 38. Rxe6 fxe6 39. Ne4 a5 40.
Nxg5 a4 41. Nxe6 Rb8 42. Rg7+ Kh8 43. Re7 Kg8 44. Nc5 Rc8 45. Ne4 Kf8 46. Nd6
Kxe7 47. Nxc8+ Ke6 48. Kf2 Bb5 49. g4 Kd7 50. c4 Ba6 51. Nb6+ Kc6 52. Nxa4 Bxc4
53. h4 Be6 54. Kg3 Kb5 55. Nc3+ Kb4 56. Kf4 1-0